000
00264nam a22001097a 4500
008
240403b |||||||| |||| 00| 0 eng d
100
_a
Verne, Jules
_9
10246
245
_a
Round The World In Eighty Days
260
_b
Longman;
_c
1967,
300
_a
157p.
942
_c
BK
999
_c
39129
_d
39129